000 00551nam a2200169 i 4500
001 184985
003 ES-MaACL
005 20230906222327.0
008 160303s1917 mx |||| | spa d
245 0 3 _aLa dictadura mundial anglo-yanqui /
_cpor un vidente mexicano.
260 _aMéxico :
_b[s.n.],
_c1917.
300 _a90 p. ;
_c20 cm.
594 _aPrecede al tít.: Pro-Patria.
650 4 _aGuerra mundial, 1914-1918-
_zEstados Unidos.
_9158928
650 4 _aGuerra mundial, 1914-1918-
_zGran Bretaña.
_9141633
852 _aES-MaACL
_j1560-F-1
999 _c184985
_d184985